| 000 | 00920nam a22002417a 4500 | ||
|---|---|---|---|
| 999 |
_c7374 _d7374 |
||
| 003 | AR-CdUCM | ||
| 008 | 190320b ||||| |||| 00| 0 spa d | ||
| 040 |
_aMUNICIPALIDAD PROVINCIAL DEL CUSCO _cBIBLIOTECA MUNICIPAL DEL CUSCO |
||
| 041 | _hfre | ||
| 082 |
_22ed. _a658 / _bB44 |
||
| 100 |
_aBenielli, Jean _920778 |
||
| 245 | _aManual práctico del jefe administrativo / | ||
| 260 |
_aBarcelona : _bFrancisco Casanovas-Editores, _c1964. |
||
| 300 |
_a140 páginas ; _bilustraciones, _c22 cm. |
||
| 505 | _aContenido: El jefe administrativo y la organización del trabajo -- El jefe administrativo y el mando -- El jefe administrativo e la seguridad laboral. | ||
| 650 |
_aAdministración _94472 |
||
| 650 |
_aFunciones _920052 |
||
| 650 |
_aResponsabilidades _920779 |
||
| 700 |
_aVauthier, Charles (coautor) _920780 |
||
| 700 |
_aCarrió, Jaime Vicens (traducción) _920781 |
||
| 942 |
_2ddc _cLIBROS |
||
| 945 | _aachl | ||